Behavioural finance / (Record no. 88918)

MARC details
000 -LEADER
fixed length control field 00601nam a22001937a 4500
005 - DATE AND TIME OF LATEST TRANSACTION
control field 20140925105425.0
010 ## - LCCN (DPL NO)
LC control number ENG-110920
020 ## - INTERNATIONAL STANDARD BOOK NUMBER
International Standard Book Number 9788120350281
Terms of availability 195.00
035 ## - SYSTEM CONTROL NUMBER
System control number EN-94452
037 ## - SOURCE OF ACQUISITION
Source of stock number/acquisition DBAD/PUB
082 ## - DEWEY DECIMAL CLASSIFICATION NUMBER
Classification number 332.6019
100 ## - MAIN ENTRY--PERSONAL NAME
Personal name Sulphey, M.M.
245 ## - TITLE STATEMENT
Title Behavioural finance /
Statement of responsibility, etc by M.M. Sulphey
260 ## - PUBLICATION, DISTRIBUTION, ETC. (IMPRINT)
Place of publication, distribution, etc New Delhi
Name of publisher, distributor, etc PHI Learning
Date of publication, distribution, etc 2014
270 ## - ADDRESS
Address Rimjhim House, 111, Patparganj Industrial Estate
City New Delhi
Postal code 110092
300 ## - PHYSICAL DESCRIPTION
Extent xiv,194p.
Dimensions 24cm(pbk)
500 ## - GENERAL NOTE
General note Includes bibliographical references and index
942 ## - ADDED ENTRY ELEMENTS (KOHA)
Source of classification or shelving scheme Dewey Decimal Classification
Item type English Books
Call number suffix SUL
Classification part 332.6019
Holdings
Withdrawn status Lost status Not for loan Collection code Home library Current library Date acquired Source of acquisition Cost, normal purchase price Full call number Barcode Copy number Cost, replacement price Koha item type
    Not For Loan Non-fiction D.B.Act.Division D.B.Act.Division 23/09/2014 DBAD/PUB 195.00 332.6019 SUL EN-94452 1 195.00 English Books

© Delhi Public Library
Hit Counter
free hit counter